00700 a2200193 4500020001000000035001300010037004300023082000600066090001500072100002600087245006400113260003900177270008800216300002400304490002600328942002100354999001500375952011600390 c75.00 aB-211092 bRP-PV-4 / PANSY-07-08:5 / RP-07-08:ENG14aN c4011d40111 aGardner, Erle Stanley1 aThe case of the duplicate daughtercby Erle Stanley Gardner aBangalorebMaster Mind Booksc2006 aNo. 25, Vasan Towers, Dr. TCM Royan Raode560053k080-26705679mvasanbks@bgl.net.in a192 pc18 cm (pbk) aA perry mason mystery adplcENkN / GAR c3930d3930 00102ddc407-18FICaZLSbZLSg75.00l0oN GARpB-211092r2008-09-15 00:00:00t1u4174v75.00w2008-09-15yEN